000005843 001__ 5843 000005843 005__ 20260521093311.0 000005843 02470 $$2Collection name$$aRichard B. Dillehunt photograph collection 000005843 0247_ $$2DOI$$a10.6083/M4HT2MWM 000005843 02470 $$2Collection number$$a2004-001 000005843 037__ $$aDA 000005843 041__ $$aeng 000005843 245__ $$aSurgery with anesthesia 000005843 260__ $$bOregon Health & Science University$$010958$$ccirca 1880 000005843 269__ $$a1875$$b1885 000005843 336__ $$aStill image 000005843 520__ $$aBlack and white photograph showing a surgical procedure using anesthesia. Two men in white gowns, head coverings, and gloves perform surgery on a patient while a gowned nurse administers anesthesia using a cone over the patient's face. Written below the photograph on the page it says: "'Humane' Propaganda". 000005843 540__ $$fCC BY-NC 000005843 542__ $$fCopyright Not Evaluated 000005843 650__ $$aSurgical Procedures, Operative$$026655 000005843 650__ $$aAnesthesia$$014714 000005843 650__ $$aPhysicians$$024116 000005843 650__ $$aNurses$$023079 000005843 655__ $$aphotograph albums 43914 000005843 7102_ $$aUniversity of Oregon. Medical School$$010965 000005843 791__ $$eIs described by$$tFinding aid$$whttps://archiveswest.orbiscascade.org/ark:/80444/xv52124$$2URL 000005843 8564_ $$9eadef705-cb20-412d-a889-09fcc5ae48ba$$s27391$$uhttps://digitalcollections.ohsu.edu/record/5843/files/8c4c6e1d0231e9707266bc8f66704c54.jpg$$ePublic$$28f01d2410f982d090558c574ef680305$$31 000005843 905__ $$a/rest/prod/d2/17/qp/98/d217qp98r 000005843 956__ $$aGet Accessible Copy$$uhttps://ohsu.libwizard.com/f/requestaccessibledocument_HCA 000005843 980__ $$aRichard B. Dillehunt Papers